| 000 | 00338nam a2200133Ia 4500 | ||
|---|---|---|---|
| 008 | 191201s2002 xx 000 0 und d | ||
| 082 |
_a621.9 _bDAM |
||
| 100 | _aDALELA, Suresh | ||
| 245 | 0 | _aManufacturing Science and Technology | |
| 260 |
_aN.Delhi _bUmesh Publications _c2002 |
||
| 300 | _a632 | ||
| 650 | _aB.Tech(ME) | ||
| 942 |
_2ddc _cBK |
||
| 999 |
_c1662 _d1662 |
||